| 000 | 00665nam a22002177a 4500 | ||
|---|---|---|---|
| 005 | 20170124110028.0 | ||
| 010 | _a744604 | ||
| 020 | _c00.00 | ||
| 035 | _a744604 | ||
| 037 | _bCen Lib/Ret | ||
| 040 |
_aDPL _bEN |
||
| 082 |
_a551.46 _bMAN |
||
| 245 |
_aMan and the sea : _cedited by Bernard L. Gordon _bclassic accounts of marine explorations / |
||
| 260 |
_aU. S. A _bThe American Museum of Natural History _c1970 |
||
| 300 |
_axxiv,498p. : _c21cm(Hb) _bill |
||
| 500 | _aIncludes index | ||
| 650 |
_aOceanography _95595 |
||
| 650 |
_aOceanography--Research _921182 |
||
| 700 |
_aGordon, Bernard L _921183 |
||
| 942 |
_2ddc _cEN _h551.46 _mMAN |
||
| 999 |
_c127672 _d127672 |
||